000
00274nam a22001217a 4500
041
_a
ENG
100
_a
Nagarseker.P.L
245
_a
Tinplate In Packaging
260
_a
India
_b
India Institute Of Packaging
_c
1996
300
_a
536
650
_a
APE
856
_u
APE ( 02 )
999
_c
1612
_d
1612